Štyridsať rokov sovietskej literatúry II. 40 rokov ukrajinskej a bieloruskej sovietskej literatúry

Podrobná bibliografia
Hlavný autor: Židlický, Václav, 1931-2002 (Autor)
Médium: Kniha
Jazyk:slovenčina
Fyzický popis:23 strán 20 cm
Vydavateľské údaje: V Bratislave Slovenský výbor Sväzu československo-sovietskeho priateľstva 1957
Edícia:Poznávame Sovietsky sväz
Predmet:

MARC

LEADER 00000cam a2200000 a 4500
001 vtls008330513
003 SK-MaSNL
005 20260302003736.0
008 200228s1957 xo gr 000 0 slo
015 |a SNBA1957/11-01633 
020 |q (brožované) 
035 |a SK01SNK19570022730 
035 |a urn:nbn:sk:snk-am3hyp1 
035 |a FB381991-D10E-4D6D-9103-FFAB628FEB53 
035 |a urn:nbn:sk:snk-am00ddpe 
035 |a SKM000025193 
040 |a SNK  |b slo  |c SNK  |e AACR2 
041 0 |a slo 
044 |a xo  |c SK 
080 |a 821(47+57)  |2 2011 
080 |a 821.161.2  |2 2011 
080 |a 821.161.3  |2 2011 
080 |a (048.8)  |2 2011 
100 1 |a Židlický, Václav,  |d 1931-2002  |4 aut  |9 197913 
245 1 0 |a Štyridsať rokov sovietskej literatúry  |n II.  |p 40 rokov ukrajinskej a bieloruskej sovietskej literatúry  |c Václav Židlický 
246 3 0 |a 40 rokov ukrajinskej a bieloruskej sovietskej literatúry 
246 3 |a Štyridsať rokov ukrajinskej a bieloruskej sovietskej literatúry 
260 |a V Bratislave  |b Slovenský výbor Sväzu československo-sovietskeho priateľstva  |c 1957  |e Malacky  |f Merkantilné tlačiarne 
300 |a 23 strán  |c 20 cm 
490 1 |a Poznávame Sovietsky sväz  |v číslo 31/1957 
500 |a Názov z obálky 
650 0 7 |a sovietska literatúra  |2 SNKPH  |9 22300 
650 0 7 |a ukrajinská literatúra  |2 SNKPH  |9 1218 
650 0 7 |a bieloruská literatúra  |2 SNKPH  |9 1478 
655 7 |a prehľady  |2 SNKPH  |9 70194 
752 |a Slovensko  |d Bratislava 
830 0 |a Poznávame Sovietsky sväz  |9 307091 
958 |a TL 
958 |a RK 
958 |a BQ 
958 |a LX 
999 |c 993151  |d 995081 
952 |a SNK  |b SNK  |y PREZ  |7 0  |p 17A0780574  |o snkSC 7666/31/1957  |i snkKSP 3244/57  |0 0  |1 0  |4 0  |d 2019-07-09  |f 1  |l 0  |r 2025-07-04 00:00:00  |w 2026-02-24